000 00781pam a2200265 a 4500
999 _c9115
_d9115
001 9115
003 BD-JhCC
005 20180308182011.0
008 850329t19851925cau b 001 0 eng
020 _a0156745925 (pbk.) :
_c7.95
035 _a(BD-JhCC)9115
040 _aDLC
_cDLC
_dDLC
_dBD-JhCC
041 _aeng
050 0 0 _aPN81
_b.R5 1985
082 0 0 _a801/.95
_219
_bRIC 1985
100 1 _aRichards, I. A.
_q(Ivor Armstrong),
_d1893-1979.
245 1 0 _aPrinciples of literary criticism /
_cI.A. Richards.
260 _aSan Diego :
_bHarcourt Brace Jovanovich,
_c[1985], c1925.
300 _a299 p. ;
_c21 cm.
500 _a"A Harvest/HBJ book."
504 _aIncludes bibliographical references and index.
650 0 _aCriticism.
942 _2ddc
_cBK